000 01322cam a2200337 4500
001 rc 01002923
003 DLC
005 20260227111908.0
007 cr |||||||||||
007 cr_|||||||||||
007 cr_|||||||||||
008 830302s1856 vau 000 0 eng
010 _arc 01002923
040 _aDLC
_cCarP
_dDLC
043 _an-us-va
050 0 0 _aF234.R5
_bM8
051 _aF234.R5
_bM8
_cCopy 4. Has inscription: To the Smithsonian Institution for copyright, Sam. Mordecai.
100 1 _aMordecai, Samuel,
_d1786-1865.
245 1 0 _aRichmond in by-gone days;
_bbeing reminiscences of an old citizen ...
260 _aRichmond, Va.,
_bGeorge M. West,
_c1856.
300 _a1 p.l., [v]-xi, [13]-321 p.
_c17 cm.
530 _aAlso available in digital form on the Library of Congress Web site.
530 _aAlso available in digital form on the Internet Archive Web site.
530 _aAlso available in digital form on the Internet Archive Web site.
651 0 _aRichmond (Va.)
_xDescription and travel.
651 0 _aRichmond (Va.)
_xHistory.
651 0 _aRichmond (Va.)
_xSocial life and customs.
856 4 1 _dlhbcb
_f02923
_qs
_uhttp://hdl.loc.gov/loc.gdc/lhbcb.02923
856 4 1 _uhttp://hdl.loc.gov/loc.gdc/scd0001.00058103135
856 4 1 _uhttp://hdl.loc.gov/loc.gdc/scd0001.00068013938
999 _c52456
_d52456